000 00673nam a2200169 a 4500
008 100121s2005 ||||||||||||||||| || u
020 _a0750677996
050 _aHD 53 Per
100 _aMarr, Bernard
245 1 0 _aPerspectives on intellectual capital: multidisciplinary insights into management, measurement, and reporting
_cedited by Bernard Marr
260 _aAmsterdam:
_bElsevier
_c2005
300 _axviii, 235p.: ill.
350 _a0.00
650 _aINTELLECTUAL CAPITAL
650 _aCAPITAL
995 _D0.00
_FCBU-MAIN LIBRARY (Kitwe)
_H1
_I0.00
_M1
_UAVAILABLE
_WMar 4, 2010
_ZMain Library Open Access Collection
999 _c53429
_d53429